Pays ayant un mariage homosexuel - Statistiques

Statistiques générales
  • Ce quiz a été pris 225 fois
    175 depuis la dernière actualisation
  • Le résultat moyen est 22 sur 29
Statistiques - réponses
An Pays % Correct
2013 France
99%
2005 Espagne
95%
2015 États-Unis
95%
2005 Canada
93%
2017 Allemagne
89%
2013 Brésil
88%
2010 Portugal
88%
2009 Suéde
88%
2009 Norvége
86%
2003 Belgique
85%
2001 Pays-bas
85%
2017 Finlande
84%
2014 Royaume-Uni
84%
2010 Mexique
82%
2012 Danemark
81%
2010 Argentine
80%
2018 Australie
80%
2015 Irlande
77%
2010 Islande
72%
2015 Luxembourg
71%
2013 Nouvelle-Zelande
71%
2019 Autriche
69%
2016 Colombie
62%
2006 Afrique du sud
61%
2013 Uruguay
50%
2017 Malte
44%
2019 Équateur
42%
2020 Costa Rica
30%
2019 Taïwan
26%
Aucun quiz correspondant
Distribution des résultats
% des personnes avec chaque résultat
Percentile par nombre de réponses
Votre historique - résultats
Vous n’avez pas pris ce quiz depuis la dernière actualisation